| 000 | 01527cam a2200289 a 4500 | ||
|---|---|---|---|
| 999 |
_c20396 _d20396 |
||
| 001 | 3787851 | ||
| 003 | OSt | ||
| 005 | 20200608144915.0 | ||
| 008 | 841024s1985 enk b 001 0 eng | ||
| 010 | _a 84024280 | ||
| 020 |
_a0631140972 : _c$24.95 |
||
| 040 |
_aDLC _coclc _dDLC |
||
| 043 |
_ae-uk--- _an-us--- |
||
| 050 | 0 | 0 |
_aJX1293.G7 _bI57 1985 |
| 082 | 0 | 0 |
_a327.07 _bSMI/I |
| 100 |
_92641 _aSmith, Steve |
||
| 245 | 0 | 0 |
_aInternational relations : _bBritish and American perspectives / _cedited by Steve Smith. |
| 260 |
_aOxford, UK ; _aNew York, NY, USA : _bB. Blackwell in association with the British International Studies Association, _c1985. |
||
| 300 | _a242 p. ; | ||
| 500 | _aIncludes index. | ||
| 504 | _aBibliography: p. [213]-236. | ||
| 505 | 0 | _aThe growth of a discipline / William Olson and Nicholas Onuf -- Strategic studies / Lawrence Freedman -- Foreign policy analysis / Steve Smith -- The methodology of international relations / Michael Nicholson -- The systems approach / Richard Little --Utopianism / Trevor Taylor -- International political economy / Roger Tooze -- History and international relations / Christopher Hill -- Transnationalism / Michael Clarke -- International organization / David Armstrong -- From Atlanticism to trilateralism / Stephen Gill. | |
| 650 | 0 |
_aInternational relations _xResearch _zUnited States. |
|
| 700 | 1 |
_aSmith, Steve, _d1952- |
|
| 906 |
_a7 _bcbc _corignew _d1 _eocip _f19 _gy-gencatlg |
||
| 942 |
_2ddc _cBK _h327.07 _iSMI/I _k327.07 _mSMI/I |
||